Archivio giuridico della circolazione e dei sinistri stradali

Detalles Bibliográficos
Formato: Desconocido
Lenguaje:italiano
Publicado: Piacenza : Casa Editrice la Tribuna
Materias:
Acceso en línea:Acceso restringido

MARC

LEADER 00000ny a22000003n 4500
005 20040302135137.0
008 850802u1955uuuuit mr gwl 0 0ita
022 |a 0518-3510 
035 |a 2100 
040 |a DLC  |c DLC  |d vLex 
090 |c 1528  |d 1528 
245 0 0 |a Archivio giuridico della circolazione e dei sinistri stradali  |h [Recurso electrn̤ico] 
256 |a Servicio en ln̕ea 
260 |a Piacenza :  |b Casa Editrice la Tribuna 
310 |a Mensual 
506 1 |a Contenido solo disponible en los productos indicados  |d vLex Global  |d vLex Global (Academic Edition, excluding Law Schools)  |d vLex Global (U.S. Academic Edition, Law Schools)  |d vLex Global (U.S. Academic Edition, excluding Law Schools)  |d vLex Global (Academic Edition, Law Schools) 
650 0 4 |a Carreteras  |x Derecho  |z Italia  |x Publicaciones perid̤icas 
650 0 4 |a Trf̀ico  |x Derecho  |z Italia  |x Publicaciones perid̤icas 
650 0 4 |a Transportes 
650 0 4 |a Seguridad vial 
650 0 4 |a Accidente de circulacin̤ 
650 0 4 |a Transporte 
650 0 4 |a Ferrocarriles y transportes terrestres 
650 0 4 |a Accidente de circulacin̤ 
740 0 |a vLex Revista (Servicios en ln̕ea) 
843 |a Electrn̤ica. Abierta 
853 |8 1  |i (year)  |j (month)  |k (day) 
856 4 0 |u http://vlex.com/source/2100  |z Acceso restringido 
942 |c REV 
999 0 |a Highway law  |z Italy  |v Periodicals. 
999 0 |a Traffic regulations  |z Italy  |v Periodicals.